Religion Quiz

Random Religion or Bible Quiz

Messiah clicky-oke X Quiz Stats

Quiz not verified by Sporcle

Challenge
Share
Tweet
Embed
Score 0/19 Timer 15:00
0 Plays Today
% Correct
risen from the dead,
70.6%
a potter's vessel.
69.1%
and Lord of Lords.
69.1%
my Redeemer liveth,
67.6%
of them that sleep.
67.6%
their bonds asunder,
66.2%
destroy this body,
66.2%
their yokes from us.
63.2%
with a rod of iron;
63.2%
dash them
63.2%
% Correct
in Heav'n
61.8%
God Omnipotent reigneth.
60.3%
for ever and ever.
60.3%
at the latter day upon the earth.
60.3%
and of His Christ;
58.8%
shall I see God.
58.8%
this world is become
55.9%
to scorn;
51.5%
in derision.
50%

You're not logged in!

Compare scores with friends on all Sporcle quizzes.
Sign Up with Email
OR
Log In

You Might Also Like...

Show Comments

Extras

Top Quizzes Today


Score Distribution

Your Account Isn't Verified!

In order to create a playlist on Sporcle, you need to verify the email address you used during registration. Go to your Sporcle Settings to finish the process.

Report this User

Report this user for behavior that violates our Community Guidelines.

Details: